| 000 | 00706nam a22002177a 4500 | ||
|---|---|---|---|
| 003 | NUST-PNEC | ||
| 005 | 20170116181002.0 | ||
| 008 | 141126b xxu||||| |||| 00| 0 eng d | ||
| 020 | _a0131851586 | ||
| 040 | _cLIBRARY | ||
| 082 | _a005.42 KEN | ||
| 100 |
_91049 _akendall Kenneth E |
||
| 245 |
_aSystems Analysis and Design _cKenneth E. Kendall |
||
| 250 | _a3rd ed. | ||
| 260 |
_aNew Jersey USA _bPearson Education Inc _cc.1995 |
||
| 300 |
_axxviii, 572 p. : _bill. ; _c28 cm. |
||
| 500 | _aIncludes Index. | ||
| 651 | _xMIS, Computer | ||
| 856 | _uhttp://www.amazon.com/Systems-Analysis-Design-8th/dp/8120342062/ref=sr_1_1?ie=UTF8&qid=1416993162&sr=8-1&keywords=9788120342064 | ||
| 942 |
_2ddc _cBK |
||
| 999 |
_c66754 _d66754 |
||